Nonsmooth with applications in engineering : a volume dedicated to the memory of professor P.D. Panagiotopoulos
Saved in:
| Other Authors: | |
|---|---|
| Format: | Book |
| Language: | English |
| Published: |
Thessaloniki :
Editions Ziti,
2002.
|
| Subjects: | |
| Tags: |
Add Tag
No Tags, Be the first to tag this record!
|
MARC
| LEADER | 00000cam a2200000 a 4500 | ||
|---|---|---|---|
| 001 | 1/108149 | ||
| 008 | 150826s2002####gr | ||| |||| ||eng|| | ||
| 020 | |a 9604317865 | ||
| 040 | |a GR-MyUa |b gre |c GR-MyUa |e AACR2 | ||
| 041 | 0 | |a eng | |
| 082 | 7 | |a 519.6 |2 (23) | |
| 245 | 1 | 0 | |a Nonsmooth/nonconvex mechanics : |b with applications in engineering : a volume dedicated to the memory of professor P.D. Panagiotopoulos / |c edited by C.C. Baniotopoulos. |
| 260 | |a Thessaloniki : |b Editions Ziti, |c 2002. | ||
| 300 | |a xiii, 550 σ. ; |c 25 εκ. | ||
| 500 | |a "Proceedings of the International Conference in Memoriam of Professor P.D. Panagiotopoulos, 7-8 July 2006, Thessaloniki, Greece."-- Cover. | ||
| 504 | |a Περιέχει βιβλιογραφικές αναφορές και ευρετήριο. | ||
| 650 | 0 | |a Mechanics, Analytic |x Congresses. | |
| 650 | 0 | |a Nonsmooth optimization |x Congresses. | |
| 650 | 0 | |a Nonsmooth mathematical analysis. | |
| 700 | 1 | |a Μπανιωτόπουλος, Χαράλαμπος Κ. |e edt | |
| 852 | |a INST |b SAMOS |e 20150826 |h 519.6 NON |p 005300042549 |q 005300042549 |t BK |y 0 | ||
| 970 | |a Γουβάλα |b Βάσω |z 26-08-2015 | ||